Nghiên cứu biến động dân số tỉnh Quảng Ninh giai đoạn 2000 - 2010.

Сохранить в:
Библиографические подробности
Другие авторы: Hoàng, Thị Hiền Hòa, Cao, Thị Hợp, Nguyễn, Thị Huệ, Ninh, Thị Hường, Trương, Văn Cảnh (hướng dẫn), Đinh, Thị Phương
Формат:
Язык:Vietnamese
Опубликовано: Đà Nẵng Trường Đại học Sư phạm 2012
Предметы:
Метки: Добавить метку
Нет меток, Требуется 1-ая метка записи!
Thư viện lưu trữ: Mạng thư viện Đại học Đà Nẵng
LEADER 01650nam a2200385 4500
001 000016968
003 13379
005 20130129140154.0
008 130116s2012 viesd
041 |a vie 
082 1 4 |a 303.6  |b Ngh 
245 1 0 |a Nghiên cứu biến động dân số tỉnh Quảng Ninh giai đoạn 2000 - 2010.  |c Hoàng Thị Hiền Hòa, Cao Thị Hợp, Nguyễn Thị Huệ, Ninh Thị Hường, Đinh Thị Phượng ; Trương Văn Cảnh hướng dẫn.  |k Báo cáo khoa học 
260 |a Đà Nẵng  |b Trường Đại học Sư phạm  |c 2012 
300 |a 62 tr., 5  |b mh. màu  |c 29 cm. 
500 |a Công trình tham gia hội nghị sinh viên nghiên cứu khoa học Trường Đại học Sư phạm năm 2012. Khoa Địa Lý 
650 0 4 |a Dân số  |v Báo cáo khoa học  |x Biến động  |y 2000 - 2010  |z Quảng Ninh 
653 |a Nghiên cứu khoa học 
653 |a Dân số 
700 1 |a Hoàng, Thị Hiền Hòa 
700 1 |a Cao, Thị Hợp 
700 1 |a Nguyễn, Thị Huệ 
700 1 |a Ninh, Thị Hường 
700 1 |a Trương, Văn Cảnh  |e hướng dẫn 
700 1 |a Đinh, Thị Phương 
OWN |a LSP 
AVA |a UDN50  |b LSP  |d 303.6 Ngh  |e available  |t Error 5001 Not defined in file expand_doc_bib_avail.  |f 1  |g 0  |h N  |i 0  |k 1 
999 |a From the UDN01 
AVA |a UDN50  |b LSP  |d 303.6 Ngh  |e available  |t Error 5001 Not defined in file expand_doc_bib_avail.  |f 1  |g 0  |h N  |i 0  |k 1 
TYP |a Mixed Materials 
TYP |a Monograph 
TYP |a Printed language 
980 |a Mạng thư viện Đại học Đà Nẵng